Name Those UK Shunting Locomotives! Quiz Stats

 Plays Quiz not verified by Sporcle

Support Sporcle.
Go Orange.
Score 0/5 Timer 01:30
0 Plays Today
% Correct
Class 08
99.2%
Class 04
86.3%
Class 14
84.7%
Class 03
74.2%
Class 20
59.7%

You're not logged in!

Compare scores with friends on all Sporcle quizzes.
OR
Log In

From the Vault

A Brief History of MLB

by Hejman

"See the ball, hit the ball" would probably suffice.
Remove Ads.
Support Sporcle.
Get the best of Sporcle when you Go Orange. This ad-free experience offers more features, more stats, and more fun while also helping to support Sporcle. Thank you for becoming a member.

Show Comments

Extras

Created Jan 23, 2016ReportNominate
Tags:Locomotive

Top Quizzes Today


Score Distribution

Your Account Isn't Verified!

In order to create a playlist on Sporcle, you need to verify the email address you used during registration. Go to your Sporcle Settings to finish the process.

Report this User

Report this user for behavior that violates our Community Guidelines.

Details: